Accounting for feminism (Record no. 43714)

MARC details
001 - CONTROL NUMBER
control field 0199122
003 - CONTROL NUMBER IDENTIFIER
control field 0199122
005 - DATE AND TIME OF LATEST TRANSACTION
control field 20251011172851.0
020 ## - INTERNATIONAL STANDARD BOOK NUMBER
International Standard Book Number 9781032634869
040 ## - CATALOGING SOURCE
Description conventions rda
050 ## - LIBRARY OF CONGRESS CALL NUMBER
Classification number HQ 1155
Item number .H39 2025
100 ## - MAIN ENTRY--PERSONAL NAME
Relator code Author
Personal name Haynes, Kathryn
245 ## - TITLE STATEMENT
Title Accounting for feminism
Remainder of title Exploring emancipation for profession and practice /
Statement of responsibility, etc Kathryn Haynes.
264 ## - PUBLICATION, DISTRIBUTION, ETC. (IMPRINT)
Place of publication, distribution, etc New York
Name of publisher, distributor, etc Routledge
Date of publication, distribution, etc 2025
300 ## - PHYSICAL DESCRIPTION
Extent xviii, 235p.:
Other physical details ill, Diagrams and tables
336 ## - CONTENT TYPE
Source rdacontent
338 ## - CARRIER TYPE
Source rdacarrier
500 ## - GENERAL NOTE
General note appendix and Index
504 ## - BIBLIOGRAPHY, ETC. NOTE
Bibliography, etc appendix and Index
650 ## - SUBJECT ADDED ENTRY--TOPICAL TERM
Source of heading or term Accounting; Feminism;
942 ## - ADDED ENTRY ELEMENTS (KOHA)
Source of classification or shelving scheme Library of Congress Classification
Koha item type Books
Holdings
Withdrawn status Lost status Source of classification or shelving scheme Damaged status Not for loan Permanent Location Current Location Date acquired Inventory number Total Checkouts Full call number Date last seen Price effective from Koha item type
    Library of Congress Classification     NILE UNIVERSITY OF NIGERIA - MAIN LIBRARY NILE UNIVERSITY OF NIGERIA - MAIN LIBRARY 10/11/2025 0199122   HQ 1155 .H39 2025 10/11/2025 10/11/2025 Books